| 000 | 01352aam a2200385 i 4500 | ||
|---|---|---|---|
| 001 | 68800 | ||
| 003 | Mx-PuUPA | ||
| 005 | 20241004102220.0 | ||
| 008 | 241004s2016 mx a|||gr|||| 00| h spa d | ||
| 020 | _a9786072422650 | ||
| 040 |
_aMx-PuUPA _bspa _cMx-PuUPA _dMx-PuUPA _erda |
||
| 041 | 0 | _aspa | |
| 100 | 1 |
_aSiemens, Sandra, _d1965- _910776 _eautor |
|
| 245 | 1 | 0 |
_aLa muralla / _cSandra Siemens ; ilustraciones de Claudia Legnazzi |
| 250 | _aSegunda edición | ||
| 264 | 1 |
_aMéxico, D.F. : _bSM de Ediciones, _c2016 |
|
| 300 |
_a46 páginas : _bilustraciones ; _c19 cm |
||
| 336 |
_2rdacontent _atexto _btxt |
||
| 336 |
_2rdacontent _aimagen fija _bsti |
||
| 337 |
_2rdamedia _asin medio _bn |
||
| 338 |
_2rdacarrier _avolumen _bnc |
||
| 490 | 1 |
_aEl barco de vapor. Azul ; _v32 M |
|
| 500 | _a"Premio El Barco de Vapor 2009 (Argentina)". -- Portada. | ||
| 521 | 1 | _a7 + | |
| 650 | 7 |
_2armarc _aReyes y soberanos _xLiteratura infantil |
|
| 650 | 7 |
_2armarc _aMiedo _xLiteratura infantil |
|
| 650 | 7 |
_2armarc _aTolerancia _xLiteratura infantil |
|
| 650 | 7 |
_2armarc _aCuentos argentinos |
|
| 700 | 1 |
_aLegnazzi, Claudia, _eilustrador |
|
| 830 | 3 |
_aEl barco de vapor. _pAzul _x9789687791760 _v32 M |
|
| 942 |
_2ddc _cLI _h863 _iB2732 |
||
| 999 |
_c68800 _d68800 |
||